00784cam a2200229 a 4500001000500000005001700005020001500022040002300037050001300060082000800073100002100081245007500102260004000177300004700217490002100264505000800285520016900293521002000462521002000482650002300502700002900525411620240607112721.0 a0516228838 aDLCcDLCdDLCbeng00aPZ7.N29500a4681 aNeasi, Barbara J10aSo many me's /cwritten by Barbara J. Neasi ; illustrated by Ana Ochoa aNew York :bChildren's Press,c2003 a31 pages :bcolor illustrations ; c19 cm. aA Rookie Reader  aF  aA girl contemplates the many different roles she plays in her family and community, including daughter, granddaughter, sister, cousin, student, patient, and friend. a350 bLexile  aF bRaz-Plus  1aIdentityvFiction.1 aOchoa, Anaeillustrator